000 00736nam a2200265Ia 4500
003 OSt
005 20221002050646.0
006 a|||||r|||| 00| 0
007 ta
008 220930b |||||||| |||| 00| 0 eng d
024 _a17450
037 _cReference Collections
040 _aCRL
_cCRL
_beng
041 _2eng
_aeng
082 _a2n2,N38, M5(RR)
100 _aJoginder Singh Co.
_9571594
245 0 _aIndian Library Directory
250 _a4th.
260 _aDelhi
_bI L A India
_c1985
300 _aix, 251p.
_ccm.
650 _aLIBRARY SCIENCE
700 _a Sethi A R Co.
_9571595
942 _h2n2,N38, M5(RR)
_cref
_2CC
999 _c915137
_d915137